[Event "SRB-chT 1st League"]
[Site "Vrnjacka Banja"]
[Date "2009.09.20"]
[Round "3"]
[White "Milosevic, Slavisa"]
[Black "Ilic, Aleksandar R"]
[Result "1-0"]
[WhiteElo "2295"]
[BlackElo "2121"]
[PlyCount "77"]
[EventDate "2009.09.19"]
[EventType "team-swiss"]
[EventRounds "11"]
[EventCountry "YUG"]
[SourceTitle "CBM 132 Extra"]
[Source "ChessBase"]
[SourceDate "2009.11.03"]
[SourceVersion "1"]
[SourceVersionDate "2009.11.03"]
[SourceQuality "1"]

1. e4 c5 2. Nf3 d6 3. d4 cxd4 4. Nxd4 Nf6 5. Nc3 a6 6. g3 e5 7. Nde2 Be6 8. Bg2 b5 9. 0-0 Nbd7 10. h3 Qc7 11. g4 b4 12. Nd5 Bxd5 13. exd5 Rc8 14. c3 bxc3 15. Nxc3 Nb6 16. Bg5 Be7 17. Rc1 Qd8 18. Be3 0-0 19. b3 Nfd7 20. Qd2 Nc5 21. Rfd1 Qd7 22. Ne4 Nxe4 23. Bxe4 Rxc1 24. Rxc1 Na8 25. Rc6 g6 26. Bd3 f5 27. Qe2 f4 28. Bd2 f3 29. Qe4 Nc7 30. Bxa6 Nxa6 31. Rxa6 Qb7 32. Qc4 Bh4 33. Be3 Ra8 34. Rxa8+ Qxa8 35. g5 Qxa2 36. Qxh4 Qb1+ 37. Kh2 e4 38. Qg4 Qf1 39. Bd4 1-0

[Event "Kragujevac op"]
[Site "Kragujevac"]
[Date "2009.04.13"]
[Round "6"]
[White "Milosevic, Slavisa"]
[Black "Tadic, Branko"]
[Result "0-1"]
[WhiteElo "2287"]
[BlackElo "2485"]
[PlyCount "98"]
[EventDate "2009.04.11"]
[EventType "swiss"]
[EventRounds "9"]
[EventCountry "YUG"]
[SourceTitle "EXT 2010"]
[Source "ChessBase"]
[SourceDate "2010.11.25"]
[SourceVersion "1"]
[SourceVersionDate "2010.11.25"]
[SourceQuality "1"]

1. e4 c5 2. Nf3 Nf6 3. Nc3 Nc6 4. d4 d5 5. exd5 Nxd5 6. Nxd5 Qxd5 7. Be3 cxd4 8. Nxd4 a6 9. Nf3 Qa5+ 10. Qd2 Qxd2+ 11. Bxd2 e5 12. Bc4 f6 13. 0-0-0 Bc5 14. Rhf1 Ke7 15. Rde1 Be6 16. Bxe6 Kxe6 17. Be3 Bxe3+ 18. Rxe3 Rad8 19. Ne1 g5 20. f4 gxf4 21. Rxf4 Ne7 22. Rf2 Nd5 23. Rh3 Rd7 24. Nd3 Rc8 25. Rh6 Rg7 26. Re2 Kf7 27. Rd2 Ne3 28. Ne1 Nf5 29. Rh3 e4 30. Rd7+ Kg8 31. Rxg7+ Kxg7 32. Rb3 b5 33. Rb4 Nd6 34. a4 f5 35. Rd4 Rc6 36. c3 Nc4 37. Rd5 Ne3 38. Rd7+ Kg6 39. axb5 axb5 40. Kd2 Nc4+ 41. Kc1 b4 42. Kc2 bxc3 43. bxc3 Ne3+ 44. Kb2 Rb6+ 45. Ka2 h5 46. Rd8 Nc4 47. Rd4 Rb2+ 48. Ka1 Re2 49. Rd1 Ne3 0-1

[Event "SRB Central-ch"]
[Site "Vrnjacka Banja"]
[Date "2008.11.13"]
[Round "8"]
[White "Milosevic, Slavisa"]
[Black "Karaklajic, Milutin"]
[Result "1-0"]
[WhiteElo "2282"]
[BlackElo "2108"]
[PlyCount "75"]
[EventDate "2008.11.08"]
[EventType "swiss"]
[EventRounds "9"]
[EventCountry "YUG"]
[SourceTitle "EXT 2010"]
[Source "ChessBase"]
[SourceDate "2010.11.25"]
[SourceVersion "1"]
[SourceVersionDate "2010.11.25"]
[SourceQuality "1"]

1. e4 e6 2. d4 d5 3. exd5 exd5 4. Qf3 Nf6 5. h3 c5 6. Bb5+ Nc6 7. Ne2 Qb6 8. Nbc3 Be6 9. dxc5 Bxc5 10. 0-0 a6 11. Bxc6+ Qxc6 12. Be3 Rd8 13. Rad1 0-0 14. Bg5 Be7 15. Rfe1 b5 16. Nd4 Qd7 17. a3 h6 18. Bf4 Nh7 19. Be5 Bf6 20. Rd3 Ng5 21. Qf4 Nh7 22. Bxf6 Nxf6 23. Re5 Qd6 24. Qg3 Nd7 25. Rxe6 Qxg3 26. Rxg3 fxe6 27. Nxe6 d4 28. Ne2 Nc5 29. Nxc5 Rfe8 30. Kf1 Rd5 31. Nd3 a5 32. Rg4 Red8 33. Ke1 b4 34. axb4 axb4 35. Nxb4 Rb5 36. Nd3 Rbd5 37. Kd2 Kh7 38. b4 1-0

[Event "SRB Central-ch"]
[Site "Vrnjacka Banja"]
[Date "2008.11.10"]
[Round "4"]
[White "Milosevic, Slavisa"]
[Black "Maksimovic, Branimir"]
[Result "0-1"]
[WhiteElo "2282"]
[BlackElo "2418"]
[PlyCount "112"]
[EventDate "2008.11.08"]
[EventType "swiss"]
[EventRounds "9"]
[EventCountry "YUG"]
[SourceTitle "EXT 2010"]
[Source "ChessBase"]
[SourceDate "2010.11.25"]
[SourceVersion "1"]
[SourceVersionDate "2010.11.25"]
[SourceQuality "1"]

1. e4 e6 2. Nf3 d5 3. Nc3 Nf6 4. e5 Nfd7 5. d4 c5 6. dxc5 Bxc5 7. Bd3 Nc6 8. Bf4 f6 9. exf6 Nxf6 10. 0-0 0-0 11. Ne5 g6 12. Qd2 Nh5 13. Nxc6 bxc6 14. Be5 Qh4 15. g3 Qg4 16. Rae1 a5 17. Qe2 Qh3 18. Na4 Ba7 19. b3 Bd7 20. c4 Nf6 21. c5 Ng4 22. f4 Nxe5 23. Qxe5 Bb8 24. Qg5 Ra7 25. Nb6 Be8 26. Be2 Qf5 27. Qxf5 exf5 28. Bf3 Bf7 29. Re2 Re8 30. Rxe8+ Bxe8 31. Re1 Kf8 32. Kf2 Re7 33. Rxe7 Kxe7 34. Ke3 Bc7 35. a3 h6 36. b4 axb4 37. axb4 Bd8 38. b5 Ke6 39. Kd3 g5 40. fxg5 hxg5 41. Ke3 Bf6 42. Na8 Kd7 43. Nb6+ Ke6 44. Na8 Be5 45. b6 Kd7 46. h4 g4 47. Be2 Bxg3 48. Bd3 Bg6 49. h5 f4+ 50. Kd4 Bxd3 51. b7 f3 52. Kxd3 d4 53. Nb6+ Kc7 54. b8Q+ Kxb8 55. h6 f2 56. Ke2 d3+ 0-1

[Event "SRB Central-ch"]
[Site "Vrnjacka Banja"]
[Date "2008.11.09"]
[Round "2"]
[White "Milosevic, Slavisa"]
[Black "Arsovic, Zoran"]
[Result "1/2-1/2"]
[WhiteElo "2282"]
[BlackElo "2480"]
[PlyCount "120"]
[EventDate "2008.11.08"]
[EventType "swiss"]
[EventRounds "9"]
[EventCountry "YUG"]
[SourceTitle "EXT 2010"]
[Source "ChessBase"]
[SourceDate "2010.11.25"]
[SourceVersion "1"]
[SourceVersionDate "2010.11.25"]
[SourceQuality "1"]

1. e4 c5 2. Nf3 e6 3. d4 cxd4 4. Nxd4 Nc6 5. Nc3 Qc7 6. g3 a6 7. Bg2 d6 8. 0-0 Be7 9. a4 Nf6 10. h3 0-0 11. g4 Nd7 12. g5 Re8 13. h4 Nxd4 14. Qxd4 b6 15. Be3 Bb7 16. f4 Rac8 17. Qd2 Bf8 18. Qf2 Qc4 19. f5 exf5 20. Qxf5 Nc5 21. Nd5 Bxd5 22. exd5 Rc7 23. Rf4 Qe2 24. Bd4 a5 25. Bf3 Qe7 26. Bxc5 bxc5 27. Re4 Qd8 28. Rae1 Rxe4 29. Rxe4 g6 30. Qf4 Bg7 31. b3 Re7 32. Kg2 Rxe4 33. Qxe4 Be5 34. Qg4 Bd4 35. Be4 Kg7 36. Qf3 Qe7 37. Kg3 Qd8 38. Bd3 Qe7 39. Qe4 Be5+ 40. Kh3 h6 41. gxh6+ Kxh6 42. Qf3 f5 43. h5 Qg5 44. hxg6 Kxg6 45. Qg2 Kf6 46. Qxg5+ Kxg5 47. Kg2 Kf4 48. Kf2 Bc3 49. Ke2 Kg4 50. Kf2 Kf4 51. Ke2 Bd4 52. Kf1 Ke5 53. Ke2 Bb2 54. Kf3 Bc1 55. c4 f4 56. Bg6 Kd4 57. Be8 Kc3 58. Bb5 Kxb3 59. Ke2 Kc3 60. Kf3 Kd3 1/2-1/2